000 00857cab a2200277 4500
001 WB3409-34
008 090401t1998 xxu||||| |||| 00| 0 eng d
035 _a(Sirsi) u84668
041 _aeng
245 _aForfeiture rears its ugly head
260 _c1998
350 _a0
490 _aEstates Gazette
_v(9809) 28 February 1998, 147(1)
520 _aIn the light of the Law Commission`s recent consultation paper on peaceable re-entry, considers two cases on forfeiture.
650 _aBARCLAYS BANK PLC V PRUDENTIAL ASSURANCE LTD
650 _aDAMAGES
650 _aFORFEITURE
650 _aKATARIA V SAFELAND PLC
650 _aPEACEABLE RE-ENTRY
650 _aRELIEF FROM FORFEITURE
650 _aRENT ARREARS
650 _aRIGHT OF RE-ENTRY
690 _aLANDLORD AND TENANT-BUSINESS TENANCIES
942 _n0
948 _c04/03/1998
999 _c53235
_d53235